All Towns in Tasmania With Over 1,000 Population - Statistics

General Stats
  • This quiz has been taken 12 times
  • The average score is 18 of 37
Answers on the Map
Answers color-coded by a green-red scale on the quiz's map according to % correct below.
 
Answer Stats
Population Town % Correct
197,451 Hobart
100%
80,943 Launceston
100%
24,591 Devonport
91%
20,267 Burnie
73%
12,723 Ulverstone
73%
4,408 George Town
64%
2,071 Huonville
64%
3,711 Longford
64%
6,153 New Norfolk
64%
3,330 Penguin
64%
1,772 Queenstown
64%
1,979 Scottsdale
64%
1,573 St Helens
64%
2,631 Deloraine
55%
1,195 Sheffield
55%
3,282 Smithton
55%
3,180 Sorell
55%
5,387 Wynyard
55%
1,371 Bridport
45%
4,456 Latrobe
45%
3,233 Perth
45%
1,666 Westbury
45%
1,093 Beaconsfield
36%
1,057 Cygnet
36%
4,252 Legana
36%
3,869 Port Sorell
36%
1,231 Beauty Point
27%
5,219 Dodges Ferry
27%
1,058 Evandale
27%
1,092 Exeter (including. Lanena, Blackwall)
27%
2,337 Hadspen
27%
2,572 Margate
27%
1,843 Snug (including. Lower Snug, Coningham)
27%
3,384 Midway Point
18%
1,037 Grindelwald
9%
1,209 Primrose Sands
9%
1,058 Ranelagh
9%
No matching quizzes found
Score Distribution
Percent of People with Each Score
Percentile by Number Answered
Your Score History
You have not taken this quiz